000 00328nam a2200133Ia 4500
008 190216s9999||||xx |||||||||||||| ||und||
100 _aCharles Kittel
245 0 _aIntroduction To Solid State Physics
250 _a5th Ed.
260 _bWiley Eastern Ltd
_c1983
300 _a599
650 _aChemistry-Chemistry
942 _cBK
999 _c2359
_d2359